Questions sur la saga Harry Potter - Statistiques

Statistiques générales
  • Ce quiz a été pris 554 fois
  • Le résultat moyen est 14 sur 22
Statistiques - réponses
Question Réponse % Correct
Comment s'appelle l'auteure des Harry Potter ? J.K. Rowling
100%
Qu'elles ont les enfants de Hermione et Ronalde ? Rose,Hugo
100%
Qu'elle est le titre du huitième livre de Harry Potter ? Harry Potter et l'enfant maudit
94%
Qu'elles ont les enfants de Ginny et Harry ? James,Albus,Lily
94%
Qu'elle est le nom complet de Albus Dumbledore Albus Perceval Wulfric Brian Dumbledore
88%
Qu'elle est le prenom du fils de Drago et Astoria ? Scorpius
88%
En qu'elle anée les parents de Harry meurt ils ? 1981
75%
Qu'elle est l'épouvantard de Hermione Granger ? Le professeure McGonagall qui lui annonce quel à louper ses examens
75%
Qui sont les personnes que Harry appelle grace a la pierre de résurrection ? Lily Potter, James Potter, Sirius Black et Remus Lupin
75%
comment s'appelle la petite copine puis femme de George ? Angelina Jhonson
69%
Qu'elle oreille perd George Weasley ? la gauche
69%
Où se situe l’académie de Beaubaton ? En France
63%
Dans qu'elle ordre les noms des maraudeurs apparaissent ils ? Lunard, Queudver, Patmol et Cornedrue
63%
Qu'elle fruit faut-il chatouiller pour rentré dans les cuisines ? une poire
63%
Qu'elle est le score finale de la 422ème coupe du monde de Quidditch ? 170-160
56%
Comment s'appelle la grande-tante de Ron Weasley Téssi
56%
Où se rend Mme Dumarais lorsqu'elle voyage à bord du Magicobus ? Abergavenny
38%
Qu'elle personne a fait la mise en scène (pièce de théâtre) du huitième livre ? Jack Thorne
38%
Combien de Mornilles vaut un Gallions ? 17
31%
Qu'elle est le titre du chapitre 7 de Harry Potter et la chambre des secrets ? sang-de-bourbe et drôle de voix
31%
Derrière qu'elle animale la Grosse Dame se cache t'elle (quand elle était "attaqué" dans Harry Potter 3) ? un cheval
31%
Où est mort Fred weasley (pendant la bataille de Poudlard) ? devant la sale sur demande
13%
Aucun quiz correspondant
Distribution des résultats
% des personnes avec chaque résultat
Percentile par nombre de réponses
Votre historique - résultats
Vous n’avez pas pris ce quiz